[Event "2025 NY TNM: 1600-1999"]
[Site "San Francisco"]
[Date "2025.01.28"]
[Round "4.5"]
[White "Cawthon, Jeremy David"]
[Black "Marvin, Hayes Alexander"]
[Result "1/2-1/2"]
[WhiteElo "1984"]
[BlackElo "1905"]
[PlyCount "106"]
[GameId "2139604731973787"]
[EventDate "2025.??.??"]

{[%evp 0,106,21,27,35,-83,34,15,23,31,-3,19,52,54,66,59,61,51,60,63,65,45,73,38,70,33,7,34,27,17,-26,0,-29,18,56,60,42,-10,124,154,126,131,154,201,155,236,148,226,205,79,100,88,89,108,73,99,106,-58,-53,9,29,-1,-169,-181,-315,-196,-225,-114,-197,-275,-261,-255,-246,-245,-242,-310,-221,-278,-270,-270,-210,-231,-305,-245,-245,-211,-239,-204,-198,-202,-211,-211,-153,-377,-114,-139,-66,-50,-62,-62,-87,-56,99,-64,12,-49,-39,-275,-63]} 1. e4 d5 {[%emt 0:00:06]} 2. exd5 {[%emt 0:00:02]} Qxd5 {[%emt 0:00:06]} 3. d4 {[%emt 0:00:06]} Nf6 {[%emt 0:00:04]} 4. c4 {[%emt 0:00:07]} Qd8 {[%emt 0:00:03]} 5. Nc3 {[%emt 0:00:10]} c6 {[%emt 0:00:08]} 6. Nf3 {[%emt 0:01:37]} Bg4 {[%emt 0:00:07]} (6... g6 7. Be2 Bg7 8. O-O O-O 9. h3 b6 10. Bf4 Bb7 11. Qd2 e6 12. Rad1 Nbd7 13. Rfe1 Re8 14. Qc1 Qe7 15. a3 a5 16. Bf1 Qf8 17. Ne5 Red8 18. Na4 Rac8 19. Bg5 Rc7 20. Nxd7 Rcxd7 21. Be3 b5 22. Nc5 Re7 23. cxb5 cxb5 24. Bxb5 Bd5 25. Bg5 h6 26. Bf4 Ra7 27. Be5 Ne8 28. Bxe8 Rxe8 29. b4 axb4 30. axb4 Bxe5 31. dxe5 Rb8 32. Qc3 Qe7 33. Ra1 Qg5 34. f3 Rc7 35. Ra5 Qf4 36. Ra4 {0-1 Giri,A (2774)-Nakamura,H (2736) Speed Chess Chess.com INT blitz 2021 (2.210)}) 7. Be2 {[%emt 0:00:21]} e6 {[%emt 0:00:08]} 8. h3 {[%emt 0:01:40]} Bh5 {[%emt 0:00:11]} 9. Qb3 {[%emt 0:02:27]} Qb6 {[%emt 0:01:34] [#]} 10. Be3 $146 {[%emt 0:00:24]} (10. c5 Qxb3 11. axb3 Be7 12. b4 O-O 13. b5 cxb5 14. Nxb5 Nc6 15. Be3 a6 16. Nc3 Rfd8 17. Ra4 Nd5 18. Nxd5 Rxd5 19. O-O Rd7 20. b4 Rad8 21. Rb1 Bxf3 22. Bxf3 Nxd4 23. Bxd4 Rxd4 24. Bxb7 Bxc5 25. Bxa6 Rb8 26. Rc1 Bxb4 27. Rb1 g6 28. Bf1 Rb6 29. g3 Bc5 30. Rxb6 Bxb6 31. Rxd4 Bxd4 32. Kg2 Kg7 33. h4 Kf6 34. Bd3 h5 35. Kf3 Ke5 36. Bb5 f5 37. Be8 Kf6 38. Ke2 g5 39. Bxh5 gxh4 {½-½ Hindermann,F (2289)-Menahem,A (2136) Titled Tuesday intern op 23rd May Early Chess.com INT blitz 2023 (1)}) 10... Na6 {[%emt 0:03:09]} 11. O-O {[%emt 0:01:12]} Be7 {[%emt 0:01:28]} 12. Na4 {[%emt 0:16:45]} Qxb3 {[%emt 0:00:57]} 13. axb3 {[%emt 0:00:02]} O-O {[%emt 0:00:30]} 14. Nc5 {[%emt 0:02:43]} Bxc5 {[%emt 0:01:18]} 15. dxc5 {[%emt 0:00:03]} Ne4 {[%emt 0:01:58]} 16. Ra5 {[%emt 0:01:01]} Rfd8 {[%emt 0:01:52]} 17. g4 {[%emt 0:00:46]} Bg6 {[%emt 0:00:40]} 18. Ne5 {[%emt 0:00:10]} Nd2 {[%emt 0:01:07] [#]} 19. Nxc6 {[%emt 0:05:22]} bxc6 {[%emt 0:14:45]} 20. Rd1 {[%emt 0:01:33]} Nxc5 {[%emt 0:01:17]} 21. Rxc5 {[%emt 0:00:37]} Nxb3 {[%emt 0:00:33]} 22. Rxc6 {[%emt 0:00:30]} h6 {[%emt 0:02:43]} 23. Ra6 {[%emt 0:01:21]} e5 {[%emt 0:01:15]} 24. Rxd8+ {[%emt 0:02:26]} Rxd8 {[%emt 0:00:06]} 25. c5 {[%emt 0:05:36]} Nd4 {[%emt 0:00:39]} 26. Bc4 {[%emt 0:01:06]} Be4 {[%emt 0:00:55]} 27. f4 {[%emt 0:05:20]} Nc2 {[%emt 0:04:59]} 28. Kf2 {[%emt 0:01:41]} exf4 {[%emt 0:00:45]} 29. Bxf4 {[%emt 0:00:15]} Rd4 {[%emt 0:00:18]} 30. b3 {[%emt 0:00:43]} Bb7 {[%emt 0:00:52]} 31. Bd6 {[%emt 0:17:54]} Rd2+ {[%emt 0:07:20]} 32. Kg3 {[%emt 0:02:15]} Bxa6 {[%emt 0:03:59]} 33. Bxa6 {[%emt 0:00:02]} Nb4 {[%emt 0:02:30]} 34. Bb7 {[%emt 0:00:15]} Rd3+ {[%emt 0:00:44]} 35. Kf4 {[%emt 0:00:01]} Rxb3 {[%emt 0:01:31]} 36. Ke4 {[%emt 0:00:23]} a5 {[%emt 0:13:14]} 37. h4 {[%emt 0:03:21]} a4 {[%emt 0:01:46]} 38. c6 {[%emt 0:00:03]} Nxc6 {[%emt 0:00:27]} 39. Bxc6 {[%emt 0:00:02]} a3 {[%emt 0:00:41]} 40. Bd5 {[%emt 0:00:37]} a2 {[%emt 0:01:16]} 41. Be5 Rb4+ {[%emt 0:01:01]} 42. Kf3 {[%emt 0:01:28]} Ra4 {[%emt 0:01:02]} 43. Ba1 {[%emt 0:00:01]} Ra5 {[%emt 0:04:22]} 44. Ke4 {[%emt 0:00:33]} Ra4+ {[%emt 0:01:30]} 45. Kf3 {[%emt 0:00:18]} h5 {[%emt 0:00:50]} 46. g5 {[%emt 0:01:00]} Rxh4 {[%emt 0:00:47]} 47. g6 {[%emt 0:00:07]} Rh1 {[%emt 0:00:51]} 48. gxf7+ {[%emt 0:00:05]} Kf8 {[%emt 0:00:08]} 49. Be5 {[%emt 0:03:27]} Rf1+ {[%emt 0:00:25]} 50. Kg3 {[%emt 0:00:01]} Rxf7 {[%emt 0:00:39]} 51. Bxa2 {[%emt 0:01:14]} Ra7 {[%emt 0:02:06]} 52. Bd6+ {[%emt 0:00:04]} Ke8 {[%emt 0:00:04]} 53. Kh4 {[%emt 0:00:03]} g6 {[%emt 0:00:05]} 1/2-1/2

[Event "2025 NY TNM: 1600-1999"]
[Site "San Francisco"]
[Date "2025.01.28"]
[Round "4.13"]
[White "Parsons, Stephen"]
[Black "Rigel, Marlon"]
[Result "1/2-1/2"]
[WhiteElo "1919"]
[BlackElo "1761"]
[PlyCount "63"]
[GameId "2139604731986076"]
[EventDate "2025.??.??"]

1. e4 c6 2. d4 d5 3. Nc3 dxe4 4. Nxe4 Nd7 5. Nf3 Ngf6 6. Nxf6+ Nxf6 7. h3 Bf5 8. Bd3 Bxd3 9. Qxd3 e6 10. O-O Qc7 11. Rd1 Bd6 12. c4 O-O 13. Bg5 Be7 14. Rac1 h6 15. Bh4 Rfd8 16. Bg3 Bd6 17. Ne5 c5 18. Qe2 cxd4 19. Rxd4 Qc5 20. Rcd1 Be7 21. Rxd8+ Rxd8 22. Rxd8+ Bxd8 23. b3 Qd4 24. Kh2 Be7 25. Qf3 Bd6 26. Qe2 Ne4 27. Nf3 Nxg3 28. fxg3 Qc5 29. Nd2 Qc7 30. Ne4 Be5 31. Qf3 a6 32. h4 1/2-1/2

[Event "2025 NY TNM: 1600-1999"]
[Site "San Francisco"]
[Date "2025.01.28"]
[Round "4.14"]
[White "Dutter, Frederic"]
[Black "Smith, Roger Christopher"]
[Result "1-0"]
[Annotator "Winslow,Elliott"]
[WhiteElo "1900"]
[BlackElo "1843"]
[PlyCount "83"]
[GameId "2139604731994269"]
[EventDate "2025.??.??"]

1. e4 c5 2. Nf3 Nc6 3. Bb5 d6 4. d4 cxd4 5. Qxd4 Qa5+ 6. Nc3 Qxb5 7. Nxb5 Nxd4 8. Nfxd4 Kd8 9. O-O Nf6 10. Re1 a6 11. Nc3 g6 12. f3 Bg7 13. Be3 Bd7 14. Rad1 Rc8 15. g4 h6 16. Rd2 Kc7 17. Bf2 b5 18. a3 Kb7 19. Nb3 Be6 20. Nd5 Rhe8 21. Na5+ Kb8 22. c3 Nd7 23. Nb6 Ne5 24. Kg2 Rc7 25. Nd5 Rcc8 26. Bd4 {[#]} Nc4 27. Nxc4 Bxd4 28. Nxd6 Bxc3 29. Nxc3 exd6 30. Rxd6 {[#]} Kb7 31. Red1 Rc4 32. R6d4 Rc5 33. R1d2 h5 34. h3 hxg4 35. hxg4 f5 36. gxf5 gxf5 37. exf5 Rxf5 38. Re4 Rg8+ 39. Kf2 Bc8 40. Re7+ Kc6 41. Ne4 Rg6 42. Rc2+ 1-0

[Event "2025 NY TNM: 1600-1999"]
[Site "San Francisco"]
[Date "2025.01.28"]
[Round "4.16"]
[White "Tam, Hoa Long"]
[Black "Pham, Nguyen Hoang Duy"]
[Result "0-1"]
[Annotator "Winslow,Elliott"]
[WhiteElo "1645"]
[BlackElo "1810"]
[PlyCount "34"]
[GameId "2139604731994270"]
[EventDate "2025.??.??"]

1. e4 e5 2. Nf3 Nc6 3. Bc4 Bc5 4. c3 Nf6 5. d4 exd4 6. e5 d5 7. Bb5 Ne4 8. cxd4 Bb4+ 9. Nbd2 O-O {[#]} 10. Qa4 $2 (10. O-O $11 {/}) 10... a5 $1 11. Bxc6 (11. a3 Bxd2+ 12. Bxd2 Nxd2 13. Nxd2 Qg5 14. g3 Bh3 15. f4 $15) 11... bxc6 12. Qxc6 $6 (12. O-O c5 $17) 12... Ra6 13. Qc2 Rg6 $19 14. O-O Bh3 15. Ne1 Bxg2 16. Nxg2 Qg5 17. Qxe4 Qxg2+ 0-1

[Event "2025 NY TNM: 1600-1999"]
[Site "San Francisco"]
[Date "2025.01.28"]
[Round "4.17"]
[White "Admassu, Yonathan"]
[Black "Krishnan, Sreyshthaa"]
[Result "1/2-1/2"]
[Annotator "Winslow,Elliott"]
[WhiteElo "1765"]
[BlackElo "1435"]
[PlyCount "87"]
[GameId "2139604731994271"]
[EventDate "2025.??.??"]

1. c4 c5 2. Nf3 Nc6 3. d4 cxd4 4. Nxd4 Nf6 5. Nc3 e6 6. g3 Bb4 7. Bg2 Qa5 8. Nxc6 bxc6 9. Bd2 Qd8 10. Qa4 Be7 11. O-O O-O 12. b4 Bb7 13. e4 a6 14. Rfe1 Ne8 15. Qb3 Nc7 16. Bf4 Bc8 17. Rab1 Kh8 18. Red1 Ra7 19. Qa4 Rb7 20. h4 f6 21. a3 e5 22. Be3 Qe8 23. Qc2 Qf7 24. Na4 d6 25. Nb6 Be6 26. a4 Na8 27. c5 dxc5 28. bxc5 Nxb6 29. cxb6 {[#]} c5 30. Bxc5 Rc8 31. Bxe7 Rxc2 32. Rd8+ Qg8 33. Rxg8+ Kxg8 34. Bd6 Rc6 {[#]} 35. a5 Rxd6 36. Bf1 Rd4 37. Bxa6 Rb8 38. Bf1 Ra4 39. a6 Bc8 40. a7 Rb7 41. Bc4+ Kf8 42. Bd5 Raxa7 43. bxa7 Rxb1+ 44. Kg2 1/2-1/2

[Event "2025 NY TNM: 1600-1999"]
[Site "San Francisco"]
[Date "2025.01.28"]
[Round "4.18"]
[White "Siegel, David"]
[Black "Alzhin, Leonid"]
[Result "0-1"]
[Annotator "Winslow,Elliott"]
[WhiteElo "1438"]
[BlackElo "1727"]
[PlyCount "110"]
[GameId "2139604731998368"]
[EventDate "2025.??.??"]

{[%evp 0,58,22,26,8,16,16,7,22,7,-3,3,1,-17,-5,103,0,7,24,22,50,4,49,-23,28,-108,-97,-157,-151,37,-155,-152,-163,-174,-173,-99,-95,-25,-133,-27,-125,-116,117,209,155,207,167,221,78,65,177,110,64,50,22,-1,170,-25,-24,-205,-8]} 1. e4 e5 2. Nf3 Nc6 3. Bc4 Be7 4. c3 Nf6 5. d3 O-O 6. h3 d5 7. exd5 Nxd5 8. O-O Be6 9. Re1 f6 10. Nbd2 Qd7 11. Nf1 Rad8 12. Qb3 Na5 13. Qb5 Nxc4 14. Qxd7 Rxd7 15. dxc4 Nb6 16. b3 Rfd8 17. Be3 c5 18. Ng3 Nc8 19. a4 Rd3 20. Rec1 Bd6 21. Ne1 {[#]} Rxe3 22. fxe3 f5 23. Rd1 e4 24. Ne2 g5 25. a5 Kf7 26. g3 Rg8 27. Kh2 h5 28. Nc2 h4 29. Kg2 f4 30. gxf4 gxf4+ 31. Kf2 f3 32. Rg1 fxe2 33. Rxg8 Kxg8 34. Rg1+ Bg3+ 35. Kxe2 Bxh3 36. Ne1 Bg4+ 37. Kf1 Kf7 38. b4 Nd6 39. bxc5 Nxc4 40. a6 {[#]} bxa6 41. c6 Ke7 42. Rxg3 hxg3 43. Kg2 Bf3+ 44. Kxg3 Nxe3 45. Nxf3 exf3 46. Kxf3 Nd5 47. c4 Nc7 48. Ke4 Kd6 49. Kd4 Kxc6 50. Kc3 Kc5 51. Kb3 Nb5 52. Ka4 Kxc4 53. Ka5 Kc5 54. Kxa6 Kb4 55. Kb7 a5 0-1

[Event "2025 NY TNM: 1600-1999"]
[Site "San Francisco"]
[Date "2025.01.28"]
[Round "4.19"]
[White "Finacom, Richard V"]
[Black "Horgan, Michael"]
[Result "1-0"]
[Annotator "Winslow,Elliott"]
[WhiteElo "1929"]
[BlackElo "1418"]
[PlyCount "77"]
[GameId "2139604731998369"]
[EventDate "2025.??.??"]

1. d4 d5 2. c4 e6 3. Nf3 Nf6 4. Nc3 Bb4 5. e3 Bxc3+ 6. bxc3 Nc6 7. Ba3 Bd7 8. Bd3 dxc4 9. Bxc4 Ne4 10. Qc2 Nd6 11. Bd3 Qf6 12. e4 e5 13. d5 Ne7 14. c4 O-O 15. Bb2 Ng6 16. Bc3 Nf4 17. O-O-O Nxd3+ 18. Qxd3 Qf4+ 19. Nd2 Ba4 20. Rdf1 b5 21. c5 Nc4 {[#]} 22. g3 Qh6 23. f4 Nxd2 24. Qxd2 exf4 25. Qxf4 Qg6 26. Rf2 a5 27. c6 f6 28. Re1 b4 29. Bd4 Qf7 30. Bc5 Rfe8 31. g4 Ra6 32. g5 Rxc6 33. dxc6 Qc4+ 34. Kb1 Qd3+ 35. Kb2 Qc3+ 36. Kb1 Qxe1+ 37. Qc1 Qxf2 38. Qc4+ Kh8 39. Bxf2 1-0

[Event "2025 NY TNM: 1600-1999"]
[Site "San Francisco"]
[Date "2025.01.28"]
[Round "4.20"]
[White "Babayan, Gagik"]
[Black "Prasad, Thejas"]
[Result "1-0"]
[Annotator "Winslow,Elliott"]
[WhiteElo "1686"]
[BlackElo "1671"]
[PlyCount "93"]
[GameId "2139604732002466"]
[EventDate "2025.??.??"]

1. e4 e5 2. Nf3 Nc6 3. Bb5 a6 4. Bxc6 dxc6 5. O-O Bd6 6. d4 Bg4 7. dxe5 Bxf3 8. Qxf3 Bxe5 9. c3 Nf6 10. Nd2 b5 11. Nb3 O-O 12. Bf4 Re8 13. Rfe1 Qd6 14. Rad1 Qe7 15. Bg5 c5 16. Bxf6 Bxf6 17. Qf5 Qe5 18. Qxe5 Rxe5 19. f4 Rh5 {[#]} 20. Rd7 c4 21. Nd2 Rd8 22. Rxd8+ Bxd8 23. Nf3 c5 24. Rd1 Be7 25. Rd7 Bf8 26. g4 Rh6 27. e5 Rg6 28. g5 Rc6 29. Rd8 g6 30. Nd2 Kg7 31. Ne4 Rc7 32. Nf6 Ra7 33. Rb8 b4 34. Kf2 a5 35. a4 bxa3 36. bxa3 Ra6 37. Kf3 Ra7 38. Ke4 Ra6 39. Kd5 Re6 40. Kxc4 a4 {[#]} 41. Nxh7 Be7 42. Nf6 Bxf6 43. gxf6+ Kh7 44. Rf8 g5 45. Rxf7+ Kg6 46. Rg7+ Kf5 47. f7 1-0

[Event "2025 NY TNM: 1600-1999"]
[Site "San Francisco"]
[Date "2025.01.28"]
[Round "4.21"]
[White "Chan, John"]
[Black "Yan, Rayna"]
[Result "1-0"]
[Annotator "Winslow,Elliott"]
[WhiteElo "1601"]
[BlackElo "1742"]
[PlyCount "61"]
[GameId "2139604732002467"]
[EventDate "2025.??.??"]

1. c4 Nf6 2. Nc3 d5 3. d4 g6 4. Nf3 Bg7 5. h3 O-O 6. Bf4 c6 7. e3 Bf5 8. Be2 dxc4 9. Bxc4 Nbd7 10. O-O Nb6 11. Bb3 Nbd5 12. Bh2 Nxc3 13. bxc3 Ne4 14. Rc1 c5 15. Nd2 Nxd2 16. Qxd2 Rc8 17. Qe2 cxd4 18. cxd4 Qb6 19. Bg3 Qb4 20. Bh4 e5 21. e4 Bd7 22. Qf3 exd4 23. Qg3 Rc3 24. Rxc3 dxc3 25. Qc7 Qb5 26. Rd1 Bc6 27. Be7 Be5 28. Bd6 Bxd6 29. Qxd6 Bxe4 30. Qf6 c2 {[#]} 31. Bxf7+ 1-0

[Event "2025 NY TNM: 1600-1999"]
[Site "San Francisco"]
[Date "2025.01.28"]
[Round "4.22"]
[White "Horde, Nicolas T"]
[Black "Ploquin, Phil"]
[Result "1/2-1/2"]
[Annotator "Horde,Nicolas T"]
[WhiteElo "1584"]
[BlackElo "1682"]
[PlyCount "150"]
[GameId "2139936515400734"]
[EventDate "2025.??.??"]

{[%evp 0,150,19,11,13,21,22,9,0,12,21,-10,4,4,43,36,48,46,57,60,55,49,34,19,41,49,43,14,144,11,103,-1,147,103,-90,50,-32,-3,96,-10,49,23,55,146,35,52,31,214,36,-1,-57,-312,-416,-339,-481,-481,-201,-184,-155,-187,-194,-89,-49,-50,-57,-45,-48,-67,-25,-29,-24,-27,-24,-37,-77,-46,-45,-100,-33,-30,-1,23,0,9,0,0,1,0,-3,0,-1,-81,-16,-68,-12,-47,-29,-26,-25,-28,-48,-41,-34,-68,-47,-40,-43,-41,-55,-59,-1,-171,-1,-109,-1,-11,-1,-15,0,-1,-1,-5,-1,-77,-79,-61,-76,-93,-100,-97,0,0,0,0,0,0,0,0,0,0,0,0,-1,-1,-1,-1,-1,-1,-1,-1,0,0,0]} 1. e4 e5 2. Nf3 Nf6 3. Nc3 Nc6 4. d4 exd4 5. Nxd4 Bb4 6. Nxc6 Bxc3+ $6 {There's no reason to give up the bishop pair, c4 fixes the structure after bxc6} 7. bxc3 bxc6 8. Bd3 d6 $6 (8... d5 $6 {I thought he would play that move but turns out d6 is actually more precise} 9. e5 Ne4 10. O-O O-O 11. f3 Nxc3 12. Bxh7+ Kxh7 13. Qd3+) 9. O-O h6 10. h3 O-O 11. f4 Re8 12. Qf3 d5 13. e5 Nd7 14. Be3 Qe7 {[#]} 15. c4 (15. Rae1 a5 16. Qg3 {This plan makes way more sense, Black is really struggling to redeploy their pieces}) 15... Bb7 16. cxd5 (16. Rab1 Reb8 17. Rfd1 Nb6 18. cxd5 cxd5 19. Qf2) 16... cxd5 17. c4 $2 {Just the wrong idea, I was obsessed with my development that I forgot that Black is really disorganized and this simplifies everything} dxc4 {I just forgot Black can just take on c4 instead of pushing on d4} (17... d4 $2 18. Qxb7 dxe3 19. Qe4) 18. Qxb7 cxd3 19. Rfd1 {[#]} Nc5 $6 ({SF loves} 19... g5 {to force the simplifications} 20. Qxc7 gxf4 21. Bxf4 Nxe5 22. Bxe5 Qxe5 23. Qxe5 Rxe5 24. Rxd3) 20. Qc6 $1 Ne6 21. Rxd3 Rad8 22. Rad1 ({Perhaps} 22. Rc3 Nd4 23. Bxd4 $5 (23. Qc4) 23... Rxd4 24. Rf1 Rc8 {White has a little something (less weak pawns) but it's not much.}) 22... Rxd3 23. Rxd3 Rd8 24. Rb3 {Very risky because Black gets counterplay} (24. Rxd8+ Qxd8 25. Qe4 {With the threat of f5} ({Or just} 25. Bxa7 Nxf4 26. a4)) 24... Qh4 {[#]} 25. f5 $4 (25. Qc1 Nd4 26. Bxd4 Rxd4 27. e6 fxe6 28. Rb8+) 25... Nd4 $3 {White is in deep trouble} 26. Bxd4 Qxd4+ 27. Kh1 Qxe5 $2 {Quite good ("-+" SF)} ({but} 27... Qa1+ $1 28. Kh2 Qxe5+ 29. Kg1 Rd1+ {And White's king gets out in the wild (SF: -7.55/28!)}) 28. Qc2 Re8 29. Rb7 Qd5 30. Qxc7 Qxa2 31. Rxa7 Qb1+ 32. Kh2 Qxf5 {[#] This is an easy draw but Black wanted to double check I knew how to defend} 33. Rb7 Qe5+ {Makes it even easier} 34. Qxe5 Rxe5 35. Rb4 {The plan is just to trade all the pawns and set up a Philidor position} h5 36. g4 Kh7 37. Rf4 Kg6 38. Kg3 hxg4 39. hxg4 f5 40. gxf5+ Rxf5 41. Rb4 (41. Rxf5 $4 Kxf5 42. Kh4 Kf4) (41. Rg4+ Rg5 42. Kh4 $1 Rxg4+ 43. Kxg4 {Would had spared me 30 more defensive moves}) 41... Kg5 42. Rg4+ Kf6 43. Rb4 Kg6 44. Kg4 Rf1 45. Rb6+ Kh7 46. Rb7 Kh6 47. Rb6+ g6 48. Rc6 Rd1 49. Rc4 Rg1+ 50. Kf3 Kh5 51. Kf2 Rg4 52. Rc5+ Kh4 53. Rc7 Rf4+ 54. Kg2 g5 55. Rc3 Rb4 56. Rh3+ Kg4 57. Rg3+ Kf5 58. Rf3+ Rf4 59. Rb3 (59. Rxf4+ Kxf4 60. Kf2 Kg4 61. Kg2) 59... Re4 60. Rf3+ Ke5 61. Rg3 g4 {[#] The Philidor position is set up} 62. Rb3 Kf4 63. Ra3 Re2+ 64. Kf1 Re3 65. Rxe3 Kxe3 66. Kg2 Kf4 67. Kf2 Ke4 68. Kg2 Kf4 69. Kf2 g3+ 70. Kg1 Kf3 71. Kf1 Kg4 72. Kg2 Kh4 73. Kg1 $1 (73. Kh1 $4 {Would had been embarassing} Kh3 74. Kg1 g2 75. Kf2) 73... Kh3 74. Kh1 g2+ 75. Kg1 Kg3 1/2-1/2

[Event "2025 NY TNM: 1600-1999"]
[Site "San Francisco"]
[Date "2025.01.28"]
[Round "4.24"]
[White "Schaezlein, Charlie"]
[Black "Boyer, John"]
[Result "1/2-1/2"]
[Annotator "Schaezlein,Charlie"]
[WhiteElo "1395"]
[BlackElo "1638"]
[PlyCount "61"]
[GameId "2139604732006565"]
[EventDate "2025.??.??"]

1. d4 Nf6 2. Bf4 g6 3. Nc3 Bg7 4. e4 d6 5. Qd2 Nc6 {[%eval 90,27]} (5... c6 $14 {[%eval 53,26] should be considered.}) 6. O-O-O $16 Nh5 {[#] Strongly threatening ...Nxf4!} 7. Be3 e5 8. Nf3 {aiming for dxe5. White is better.} O-O 9. Bh6 {[%eval 0,32]} ({Better is} 9. dxe5 $16 {[%eval 109,23] Hoping for Bg5.} Nxe5 (9... dxe5 10. Qxd8 Rxd8 11. Rxd8+ Nxd8 12. Nd5 Ne6 13. Bc4) 10. Nd4) 9... exd4 {[%eval 86,28]} (9... Bg4 $1 $11 {[%eval 0,32]}) 10. Bxg7 Kxg7 {[%eval 169,29]} (10... Nxg7 $16 {[%eval 91,29] was worth a try.} 11. Nxd4 a6) 11. Nxd4 $18 Nxd4 12. Qxd4+ Qf6 {[%eval 240,31]} (12... Kg8 $142 {[%eval 176,28]} 13. Kb1 b6) 13. Nd5 {[#] Pin} Qxd4 14. Rxd4 c5 15. Rd3 {[%eval 54,30] White is more active.} (15. Rd2 $1 $16 {[%eval 154,32]}) 15... Be6 $14 16. Nc7 Rad8 17. Nb5 {[%eval -10,36]} (17. g3 $14 {[%eval 34,28]}) 17... d5 $11 18. exd5 Rxd5 19. g3 Rxd3 20. Bxd3 Bd5 21. Re1 {Re7 would now be deadly.} Nf6 22. Nc3 (22. Re7 Ng4 23. Nc3 Bc6 24. Ne4 Nxh2 25. Nxc5) 22... Bc6 23. h3 a6 24. a4 Rd8 25. b3 Bg2 26. Bf1 Bxf1 27. Rxf1 c4 {[%eval 78,34]} 28. Re1 {[%eval -10,33]} (28. b4 $1 $16 {[%eval 78,34]}) 28... cxb3 {The position is equal.} 29. cxb3 Rd3 30. Kc2 Rf3 31. Re2 1/2-1/2

[Event "2025 NY TNM: 1600-1999"]
[Site "San Francisco"]
[Date "2025.01.28"]
[Round "4.25"]
[White "Pickering, Carl Anthony"]
[Black "Casares, Nick"]
[Result "1-0"]
[Annotator "Winslow,Elliott"]
[WhiteElo "1619"]
[BlackElo "1600"]
[PlyCount "59"]
[GameId "2139604732018854"]
[EventDate "2025.??.??"]

1. b3 e5 2. Bb2 Nc6 3. e3 a6 4. c4 Nf6 5. Ne2 d5 6. Ng3 Bd6 7. cxd5 Nxd5 8. Bc4 Nf6 9. O-O O-O 10. Nc3 Qe7 11. Nd5 Nxd5 12. Bxd5 Nb4 13. Bc4 b5 14. Be2 Bb7 15. a3 Nd5 16. Bf3 f5 17. e4 fxe4 18. Bxe4 Qg5 19. Qc2 g6 20. b4 c6 21. Bf3 {[#]} Rxf3 22. gxf3 Rf8 23. d4 exd4 24. Qe4 Be5 25. Rae1 Bxg3 26. fxg3 Nf4 27. Qxd4 {[#]} Nh3+ 28. Kh1 Qf6 29. Qxf6 Rxf6 30. Bxf6 1-0

[Event "2025 NY TNM: 1600-1999"]
[Site "San Francisco"]
[Date "2025.01.28"]
[Round "4.26"]
[White "McCutcheon, Bennett"]
[Black "Sisti, Daniel J"]
[Result "1-0"]
[Annotator "Winslow,Elliott"]
[WhiteElo "1431"]
[BlackElo "1492"]
[PlyCount "135"]
[GameId "2139604732018855"]
[EventDate "2025.??.??"]

1. e4 c5 2. a3 Nf6 3. Nc3 d5 4. exd5 Nxd5 5. g3 Nc6 6. Bg2 e6 7. Nge2 Be7 8. O-O O-O 9. Nxd5 exd5 10. Nf4 d4 11. d3 Bf5 12. Nd5 Bd6 13. Bf4 Re8 14. Bxd6 Qxd6 15. Qh5 Bg6 16. Qg5 Re5 17. Qf4 Rxd5 18. Bxd5 Qxd5 19. Qc7 Nd8 20. Rae1 Ne6 21. Qe5 Qc6 22. f4 Nf8 23. f5 f6 24. Qf4 Bf7 25. g4 Nd7 26. Rf3 Ne5 27. Rg3 Bd5 28. Kf2 Nf7 29. h4 Re8 30. Rxe8+ Qxe8 31. g5 fxg5 32. hxg5 Qe5 33. Qxe5 Nxe5 34. b4 b6 35. bxc5 bxc5 36. g6 h6 37. Rh3 Ng4+ 38. Ke2 Ne3 39. c3 Nxf5 40. cxd4 cxd4 41. Kd2 Kf8 42. Rh5 Be6 43. Rh1 Ke7 44. Rc1 Kd6 45. Rb1 Bd5 46. Rb8 Ke7 47. Rb5 Be6 48. Rb7+ Kf6 49. Rxa7 Kxg6 50. a4 Kf6 51. Ra6 Ke5 52. a5 g5 {[#]} 53. Rxe6+ Kxe6 54. a6 g4 55. a7 g3 56. a8=Q Kf6 57. Ke2 Kg5 58. Kf3 h5 59. Qd8+ Kg6 60. Qg8+ Kh6 61. Kf4 Ng7 62. Kxg3 Nf5+ 63. Kf4 Ng7 64. Qd5 Kh7 65. Ke5 Kg6 66. Qxd4 Nf5 67. Qg1+ Kh6 68. Kxf5 1-0